Statistics for US States by Population-1860

Click here to take the quiz!

General Stats

  • This quiz has been taken 456 times
  • The average score is 16 of 33

Answer Stats

PopulationState% Correct
3,880,735New York
100%
2,906,215Pennsylvania
90%
2,339,511Ohio
78%
1,711,951Illinois
71%
1,219,630Virginia
71%
1,231,066Massachusetts
69%
1,350,428Indiana
65%
1,182,012Missouri
56%
1,155,684Kentucky
52%
992,622North Carolina
52%
1,057,286Georgia
51%
1,109,801Tennessee
49%
964,201Alabama
42%
112,216Delaware
42%
708,002Louisiana
42%
703,708South Carolina
42%
749,113Michigan
41%
687,049Maryland
40%
791,305Mississippi
38%
315,098Vermont
38%
775,881Wisconsin
37%
52,465Oregon
36%
604,215Texas
36%
460,147Connecticut
35%
140,424Florida
35%
672,035New Jersey
35%
174,620Rhode Island
35%
379,994California
34%
674,913Iowa
34%
628,279Maine
34%
326,073New Hampshire
34%
435,450Arkansas
30%
172,023Minnesota
30%

Score Distribution

Percentile by Number Answered

Percent of People with Each Score

Your Score History

You have not taken this quiz